000 00333nam a2200133Ia 4500
008 210716s2003 xx 000 0 und d
041 _aeng
082 _a174.936 CHEF
100 _aCherunilam, Francis.
245 _aBusiness and govenment.
250 _a1
260 _aBangalore
_bHimalaya Publishing House
_c2003
300 _a424
999 _c199748
_d199748